书目信息 |
| 题名: |
简明期刊学词典
|
|
| 作者: | 于鸣镝 , 张怀涛 主编 | |
| 分册: | ||
| 出版信息: | 北京 中国物价出版社 1999.08 |
|
| 页数: | 546页 | |
| 开本: | 32开 | |
| 丛书名: | ||
| 单 册: | ||
| 中图分类: | G255.2-61 | |
| 科图分类: | ||
| 主题词: | 图书馆学 , 图书馆事业 | |
| 电子资源: | ||
| ISBN: | 7-80070-435-1 | |
| 000 | 00634nam0 2200217 45 | |
| 001 | 0009061855 | |
| 005 | 20010531092932.0 | |
| 010 | @a7-80070-435-1@d55.00元 | |
| 100 | @a20000906d1999 km y0chiy0120 ea | |
| 101 | 0 | @achi |
| 105 | @a z 000yy | |
| 200 | 1 | @a简明期刊学词典@AJian Ming Qi Kan Xue Ci Dian@f于鸣镝,张怀涛主编@FYu Ming Di,Zhang Huai Tao Zhu Bian |
| 210 | @a北京@c中国物价出版社@d1999.08 | |
| 215 | @a546页@d32开 | |
| 606 | 0 | @a图书馆学 |
| 606 | 0 | @a图书馆事业 |
| 690 | @aG255.2-61@v3 | |
| 701 | 0 | @a于鸣镝@4主编 |
| 701 | 0 | @a张怀涛@4主编 |
| 801 | @aCN@bPftUser@c20000906 | |
| 905 | @dG255.2-61@eY168@b344883-887@f5 | |
| 简明期刊学词典/于鸣镝,张怀涛主编.-北京:中国物价出版社,1999.08 |
| 546页;32开 |
| ISBN 7-80070-435-1:55.00元 |
| ● |
| 相关链接 |
|
|
|
正题名:简明期刊学词典
索取号:G255.2-61/Y168
 
预约/预借
| 序号 | 登录号 | 条形码 | 馆藏地/架位号 | 状态 | 备注 |
| 1 | 344883 | 203448830 | 社科库409/409社科库 59排6列5层/ [索取号:G255.2-61/Y168] | 在馆 | |
| 2 | 344884 | 203448849 | 社科库409/409社科库 59排6列5层/ [索取号:G255.2-61/Y168] | 在馆 | |
| 3 | 344885 | 203448858 | 社科库409/409社科库 59排6列5层/ [索取号:G255.2-61/Y168] | 在馆 | |
| 4 | 344886 | 203448867 | 社科库409/409社科库 59排6列5层/ [索取号:G255.2-61/Y168] | 在馆 | |
| 5 | 344887 | 203448876 | 社科库409/409社科库 59排6列5层/ [索取号:G255.2-61/Y168] | 在馆 |